=LDR 00000nam 2200000 4500 =001 INLIS000000000024669 =005 20130612123236 =008 ***********************************Ind** =035 ##$$0010-061300000024669 =041 ##$$a Ind =082 ##$$a 499 =090 ##$$a 499, Ars b =100 ##$$a Arsyad, Maida G =245 ##$$a buku materi pokok Kesusastraan II PIN 4442/2 ask SKS/Modul 1- 3, Maida G. Arsyad =260 ##$$a 1996 $b Jakarta =300 ##$$a 370 cm, 33 cm =650 ##$$a Materi Pokok ' seranggga =850 ##$$a NBPNMAT